| 000 | 00846cad a22002055a 4500 | ||
|---|---|---|---|
| 001 | L154300 | ||
| 008 | 111110s20111107xxk f 000 0 eng d | ||
| 035 | _a(Sirsi) u154300 | ||
| 041 | 0 | _aeng | |
| 050 | 0 | 4 | _a333.33 $2 18 |
| 110 | 2 |
_aLloyds Banking Group _95822 |
|
| 245 | 0 | 0 |
_aHalifax house price index _bOctober 2011 _h[electronic resource] |
| 260 |
_aLondon _bLloydsbankinggroup _c2011 |
||
| 520 | _aUK house prices increased by 1.2% in October 2011, a -1.8 decrease since October 2010. There are some positive signs in housing market activity. | ||
| 590 | _aKA | ||
| 651 | 4 |
_aUnited Kingdom _y |
|
| 690 | _aPROPERTY-RESIDENTIAL PROPERTY-RESIDENTIAL PROPERTY MARKET | ||
| 856 | 4 | 0 |
_uhttps://www.lloydsbankinggroup.com/media/pdfs/2011/HousePriceIndexOctober2011.pdf _zView this item free of charge at www.lloydsbankinggroup.com |
| 942 | _n0 | ||
| 999 |
_c112926 _d112926 |
||